<?xml version="1.0" encoding="UTF-8"?>
<record
    xmlns:xsi="http://www.w3.org/2001/XMLSchema-instance"
    xsi:schemaLocation="http://www.loc.gov/MARC21/slim http://www.loc.gov/standards/marcxml/schema/MARC21slim.xsd"
    xmlns="http://www.loc.gov/MARC21/slim">

  <leader>00496nam a22001817a 4500</leader>
  <controlfield tag="005">20250216104853.0</controlfield>
  <controlfield tag="008">230719b        |||||||| |||| 00| 0 eng d</controlfield>
  <datafield tag="020" ind1=" " ind2=" ">
    <subfield code="a">9780071081719</subfield>
  </datafield>
  <datafield tag="082" ind1=" " ind2=" ">
    <subfield code="a">005.1</subfield>
    <subfield code="b">SCH-O</subfield>
  </datafield>
  <datafield tag="100" ind1=" " ind2=" ">
    <subfield code="a">Schach, Stephen R</subfield>
  </datafield>
  <datafield tag="245" ind1=" " ind2=" ">
    <subfield code="a">Object-oriented and classical software engineering</subfield>
  </datafield>
  <datafield tag="250" ind1=" " ind2=" ">
    <subfield code="a">8th ed.</subfield>
  </datafield>
  <datafield tag="260" ind1=" " ind2=" ">
    <subfield code="a">USA:</subfield>
    <subfield code="b">McGraw Hill;</subfield>
    <subfield code="c">2011.</subfield>
  </datafield>
  <datafield tag="300" ind1=" " ind2=" ">
    <subfield code="a">xx, 667p . :</subfield>
    <subfield code="b">ill;</subfield>
    <subfield code="c">24 cm.</subfield>
  </datafield>
  <datafield tag="500" ind1=" " ind2=" ">
    <subfield code="a">Index Include.</subfield>
  </datafield>
  <datafield tag="650" ind1=" " ind2=" ">
    <subfield code="a">Software Engineering</subfield>
  </datafield>
  <datafield tag="999" ind1=" " ind2=" ">
    <subfield code="c">33064</subfield>
    <subfield code="d">33064</subfield>
  </datafield>
  <datafield tag="952" ind1=" " ind2=" ">
    <subfield code="0">0</subfield>
    <subfield code="1">0</subfield>
    <subfield code="4">0</subfield>
    <subfield code="7">0</subfield>
    <subfield code="8">Faculty of Computer Science and Information Technology</subfield>
    <subfield code="a">SIRC-G</subfield>
    <subfield code="b">SIRC-G</subfield>
    <subfield code="c">Software Engineering</subfield>
    <subfield code="d">2023-07-19</subfield>
    <subfield code="l">1</subfield>
    <subfield code="o">005.1 SCH-O 2011</subfield>
    <subfield code="p">19462</subfield>
    <subfield code="r">2024-03-19</subfield>
    <subfield code="s">2024-03-15</subfield>
    <subfield code="t">1</subfield>
    <subfield code="w">2023-07-19</subfield>
    <subfield code="y">BK</subfield>
    <subfield code="Y">BK</subfield>
  </datafield>
  <datafield tag="952" ind1=" " ind2=" ">
    <subfield code="0">0</subfield>
    <subfield code="1">0</subfield>
    <subfield code="4">0</subfield>
    <subfield code="7">0</subfield>
    <subfield code="8">Faculty of Computer Science and Information Technology</subfield>
    <subfield code="a">SIRC-G</subfield>
    <subfield code="b">SIRC-G</subfield>
    <subfield code="c">Software Engineering</subfield>
    <subfield code="d">2025-02-16</subfield>
    <subfield code="l">0</subfield>
    <subfield code="o">005.1 SCH-O 2011</subfield>
    <subfield code="p">17975</subfield>
    <subfield code="r">2026-01-13</subfield>
    <subfield code="t">2</subfield>
    <subfield code="w">2025-02-16</subfield>
    <subfield code="y">BK</subfield>
    <subfield code="Y">BK</subfield>
  </datafield>
  <datafield tag="952" ind1=" " ind2=" ">
    <subfield code="0">0</subfield>
    <subfield code="1">0</subfield>
    <subfield code="4">0</subfield>
    <subfield code="7">0</subfield>
    <subfield code="8">Faculty of Computer Science and Information Technology</subfield>
    <subfield code="a">SIRC-G</subfield>
    <subfield code="b">SIRC-G</subfield>
    <subfield code="c">Software Engineering</subfield>
    <subfield code="d">2025-02-16</subfield>
    <subfield code="l">0</subfield>
    <subfield code="o">005.1 SCH-O 2011</subfield>
    <subfield code="p">17976</subfield>
    <subfield code="r">2025-02-16</subfield>
    <subfield code="t">3</subfield>
    <subfield code="w">2025-02-16</subfield>
    <subfield code="y">BK</subfield>
    <subfield code="Y">BK</subfield>
  </datafield>
  <datafield tag="952" ind1=" " ind2=" ">
    <subfield code="0">0</subfield>
    <subfield code="1">0</subfield>
    <subfield code="4">0</subfield>
    <subfield code="7">0</subfield>
    <subfield code="8">Faculty of Computer Science and Information Technology</subfield>
    <subfield code="a">SIRC-G</subfield>
    <subfield code="b">SIRC-G</subfield>
    <subfield code="c">Software Engineering</subfield>
    <subfield code="d">2025-02-16</subfield>
    <subfield code="l">0</subfield>
    <subfield code="o">005.1 SCH-O 2011</subfield>
    <subfield code="p">17977</subfield>
    <subfield code="r">2025-02-16</subfield>
    <subfield code="t">4</subfield>
    <subfield code="w">2025-02-16</subfield>
    <subfield code="y">BK</subfield>
    <subfield code="Y">BK</subfield>
  </datafield>
</record>
